| 000 | 00362nam a2200157Ia 4500 | ||
|---|---|---|---|
| 008 | 221030s9999 xx 000 0 und d | ||
| 020 | _a8120308360 | ||
| 041 | _aEnglish | ||
| 082 |
_a105.23 _bPop |
||
| 100 | _aE. P. Popov | ||
| 245 | 0 | _aEngineering Mechanics of Solids | |
| 260 |
_bPHI _aNew Delhi _c1990 |
||
| 300 | _a727 | ||
| 650 | _aMechanical | ||
| 942 | _cBK | ||
| 999 |
_c325 _d325 |
||